Cromitos Cubanos /
Gardado en:
| Autor Principal: | |
|---|---|
| Formato: | Desconocido |
| Idioma: | Spanish |
| Publicado: |
Cuba :
Editorial de Arte y Literatura,
1975.
|
| Materias: | |
| Etiquetas: |
Engadir etiqueta
Sen Etiquetas, Sexa o primeiro en etiquetar este rexistro!
|
MARC
| LEADER | 000000000a22000000004500 | ||
|---|---|---|---|
| 001 | 002689 | ||
| 041 | 0 | |a spa | |
| 082 | 0 | 4 | |a 860 |b C957c |
| 100 | 1 | |a Cruz, Manuel de la | |
| 245 | 1 | 0 | |a Cromitos Cubanos / |c Manuel de la Cruz. |
| 260 | 1 | |a Cuba : |b Editorial de Arte y Literatura, |c 1975. | |
| 300 | |a 360 páginas ; |c 19 cm. | ||
| 650 | 4 | |a LITERATURA CUBANA | |
| 650 | 4 | |a SIGLO XIX | |
| 650 | 4 | |a HISTORIA Y CRITICA | |
| 650 | 4 | |a AUTORES CUBANOS | |
| 650 | 4 | |a BIOGRAFIA | |
| 999 | |c 9057 |d 9057 | ||
| 942 | |c BK |h 860 C957c |2 z | ||
